| 000 | 00449nam a2200193Ia 4500 | ||
|---|---|---|---|
| 999 |
_c21686 _d21686 |
||
| 003 | 0100 | ||
| 005 | 20181109142914.0 | ||
| 008 | 130303s9999 xx 000 0 und d | ||
| 040 | _cARRUPELIB | ||
| 050 | _aHN37.V24 | ||
| 100 |
_aValles, Carlos G _943357 |
||
| 245 |
_aFaith for justice _cCarlos G. Valles |
||
| 260 |
_aIndia _bGujarat _c1988 |
||
| 300 |
_a175p. ; _c21cm. |
||
| 650 |
_bSociology _xCatholic Church _943358 |
||
| 700 |
_aCarlos G. Valles _943359 |
||
| 942 |
_2lcc _cMONOGRAPH |
||